Loading...
| History - European | 0 | 3 | 0 | 0 | 30 | 62 | 73.00 | 0 | 1 | 9.43 | 17.86 |
| Religion | 0 | 3 | 0 | 1 | 30 | 94 | 101.67 | 0 | 0 | 2.58 | 8.77 |
| Philosophy | 0 | 2 | 0 | 1 | 20 | 57 | 79.50 | 1 | 1 | 6.22 | 16.07 |
| History - Other | 0 | 3 | 2 | 0 | 20 | 74 | 82.33 | 1 | 1 | 7.33 | 18.83 |
| Fine Arts - Other | 0 | 2 | 0 | 0 | 20 | 82 | 83.00 | 0 | 1 | 3.99 | 10.71 |
| Science - Biology | 0 | 2 | 0 | 1 | 20 | 83 | 88.50 | 0 | 0 | 2.10 | 4.71 |
| History - World | 0 | 2 | 0 | 0 | 20 | 36 | 47.00 | 0 | 1 | 10.30 | 9.74 |
| Mythology | 0 | 2 | 0 | 0 | 20 | 67 | 79.50 | 0 | 0 | 5.21 | 9.09 |
| Social Science | 0 | 1 | 0 | 0 | 10 | 61 | 61.00 | 0 | 0 | 4.95 | 3.13 |
| Fine Arts - Classical Music | 0 | 1 | 0 | 1 | 10 | 99 | 99.00 | 0 | 0 | 1.20 | 1.30 |
| History - American | 0 | 1 | 0 | 0 | 10 | 62 | 62.00 | 0 | 1 | 3.82 | 6.49 |
| Literature - British | 0 | 1 | 0 | 0 | 10 | 45 | 45.00 | 0 | 0 | 5.30 | 5.19 |
| Literature - European | 0 | 1 | 0 | 0 | 10 | 91 | 91.00 | 0 | 1 | 2.47 | 6.49 |
| Pop Culture | 0 | 1 | 0 | 1 | 10 | 67 | 67.00 | 0 | 0 | 8.25 | 10.00 |
| Current Events | 0 | 1 | 0 | 0 | 10 | 44 | 44.00 | 0 | 0 | 8.36 | 7.14 |
| Science - Other | 0 | 0 | 1 | 0 | -5 | 0.00 | 0 | 0 | 0.00 | 0.00 |